• 首页
  • 本馆介绍
  • 公告通知
  • 最新文献
  • 馆藏检索
  • 电子资源
  • 读者导购
  • 参考咨询
  • 我的图书馆
  • 登录
  • 详细信息显示
  • 放入我的书架
  • 预约/预借图书
  • 作者相关作品
  • 分类相关作品
  • 丛书相关作品
  • 出版社相关作品

书目信息

  • 表格格式
  • 工作单格式
  • 卡片格式
题名:
新语今译
    
 
作者: 陆贾 著 ;姜爱林 编译
分册:  
出版信息: 北京   国家行政学院出版社  2015
页数: 300页
开本: 24cm
丛书名:
单 册:
中图分类: B234.14
科图分类:
主题词: 古典哲学--中国--西汉时代
电子资源:
ISBN: 978-7-5150-1379-4
000 00968nam0 2200241 450
001 012001001778
005 20140921103355.0
010    @a978-7-5150-1379-4@dCNY48.00
100    @a20151101d2015 em y0chiy50 ea
101 0  @achi
102    @aCN@b110000
105    @ay z 000yy
106    @ar
200 1  @a新语今译@9xin yu jin yi@e上献刘邦的治国之书@f(汉) 陆贾著@g姜爱林编译
210    @a北京@c国家行政学院出版社@d2015
215    @a300页@d24cm
330    @a本书是西汉时期陆贾的著名政论散文集,全书共计十二个章节。在《新语》中,陆贾主张“行仁义,法先圣”,礼法结合,同时强调人主必须无为。为西汉前期的统治思想奠立了一个基本模式。本书为西汉·陆贾《新语》的译作,译者据其原作分12章以多种形式对其进行了翻译、解读和延伸。
606 0  @a古典哲学@y中国@z西汉时代
690    @aB234.14@v5
701  0 @c(汉)@a陆贾@9lu jia@f(约公元前240-前170)@4著
702  0 @a姜爱林@9jiang ai lin@f(1964-)@4编译
801  0 @aCN@b上海新华@c20180901
905    @b1044364-8@dB234.14@e48@f5
    
    新语今译:上献刘邦的治国之书/(汉) 陆贾著/姜爱林编译.-北京:国家行政学院出版社,2015
    300页;24cm
    
    
    ISBN 978-7-5150-1379-4:CNY48.00
    本书是西汉时期陆贾的著名政论散文集,全书共计十二个章节。在《新语》中,陆贾主张“行仁义,法先圣”,礼法结合,同时强调人主必须无为。为西汉前期的统治思想奠立了一个基本模式。本书为西汉·陆贾《新语》的译作,译者据其原作分12章以多种形式对其进行了翻译、解读和延伸。
●
相关链接 在E读中查询图书 在五车中查询图书 在当当中查询图书 在豆瓣中查询图书


正题名:新语今译     索取号:B234.14/48         预约/预借

序号 登录号 条形码 馆藏地/架位号 状态 备注
1 1044364   210443643   第一样本阅览室/ [索取号:B234.14/48] 在馆    
2 1044365   210443652   第一借阅区/ [索取号:B234.14/48] 在馆    
3 1044366   210443661   第一借阅区/ [索取号:B234.14/48] 在馆    
4 1044367   210443670   第一借阅区/ [索取号:B234.14/48] 在馆    
5 1044368   210443689   第一借阅区/ [索取号:B234.14/48] 在馆    
唐山师范学院图书馆 欢迎您!
大连网信软件有限公司© 版权所有